| 000 | 00698nam a22001937a 4500 | ||
|---|---|---|---|
| 999 |
_c15774 _d15774 |
||
| 003 | AR-CdUCM | ||
| 008 | 190430b ||||| |||| 00| 0 spa d | ||
| 040 |
_aMUNICIPALIDAD PROVINCIAL DEL CUSCO _cBIBLIOTECA MUNICIPAL DEL CUSCO |
||
| 082 |
_a330.985 / _bB28 |
||
| 100 |
_aBazán, F. Mario _934977 |
||
| 245 | _aEl proceso económico del Perú / | ||
| 260 |
_aBuenos Aires : _bMundo-América, _c1954. |
||
| 300 |
_a125 páginas ; _c20 cm. |
||
| 505 | _aContenido: La guerra -- Piérola -- Patrón de oro -- Leguía: sus vías de comunicación -- Primera compra-venta de los ferrocarriles... | ||
| 650 |
_aEconomía _9382 |
||
| 650 |
_aPerú _935 |
||
| 942 |
_2ddc _cLIBROS |
||
| 945 |
_aacv _d2019-04-30 |
||